000 00705nam a2200241Ia 4500
003 OSt
005 20220923222603.0
006 a|||||r|||| 00| 0
007 ta
008 220922b |||||||| |||| 00| 0 hin d
024 _a206,267
037 _cTextual
040 _aARTS
_cARTS
_bhin
041 _2hin
_ahin
082 _aO152,6x, J9
100 _aसंसार चंद्
245 0 _aनिबंध पारिजात
246 _aNibandha pārijāta
260 _aदिल्ली
_b एस चंद् एंड कंपनी
_c1959
300 _a106पृ.
_ccm.
942 _hO152,6x, J9
_cTEXL
_2CC
999 _c356928
_d356928